| 000 | 00845 a2200241 4500 | ||
|---|---|---|---|
| 020 | _a0130460192 | ||
| 040 |
_aDLC _bDLC |
||
| 082 | 0 | 0 | _a005.820 |
| 100 | 1 | _aKaufman, Charlie. | |
| 245 | 1 | 0 |
_aNetwork security : private communication in a public world _cCharlie Kaufman, Radia Perlman, Mike Speciner. |
| 250 | _a2nd ed. | ||
| 260 |
_aDelhi : _bPearson Education, _cc2002. |
||
| 300 |
_axxvi, 713 p. : _bill. ; _c25 cm. |
||
| 440 | 0 | _aPrentice Hall series in computer networking and distributed systems | |
| 500 | _aIndian print 8178087901 | ||
| 650 | 0 | _aComputer security. | |
| 650 | 0 |
_aComputers _xAccess control. |
|
| 650 | 0 |
_aElectronic data processing departments _xSecurity measures. |
|
| 650 | 0 |
_aComputer networks _xSecurity measures. |
|
| 700 | 1 | _aPerlman, Radia. | |
| 700 | 1 | _aSpeciner, Michael. | |
| 942 |
_cBK _k005.820 KAU _2ddc |
||
| 999 |
_c6766 _d6766 |
||